000 00350nam a22001337a 4500
008 131114b xxu||||| |||| 00| 0 eng d
041 0 _aeng
080 _a340
245 1 0 _aUniversity of minnesota : Law School /
300 _a178 f. :
_bme il. ;
_c22 cm.
500 _a2000 Faculty Directory & research activities
650 0 _aLigji
942 _2udc
_cBK
999 _c316
_d316